000 00635nam a22001937a 4500
005 20251108165512.0
008 250721s2001 xx 000 0 ara d
082 1 4 _aم/211.03/جرم
100 1 _aالجرمي، إبراهيم محمد
245 1 0 _aمعجم علوم القرآن :
_bعلوم القرآن - التفسير - التجويد - القراءات /
264 1 _aدمشق :
_bدار القلم،
_c2001.
300 _a359ص
650 1 7 _aالإسلام
650 1 7 _aالقرآن الكريم
650 1 7 _aالعلوم القرآنية
650 1 7 _aعلم المعاجم
942 _2ddc
_cREF
999 _c29434
_d29434